|
|
|
|
| LEADER |
00705nta a2200193 i 4500 |
| 001 |
dipl123777 |
| 005 |
20220411133301.0 |
| 008 |
220308s1986 hu om 0|| zxx d |
| 040 |
|
|
|a SZTE Diploma Repozitórium
|b hun
|
| 041 |
|
|
|a zxx
|
| 100 |
1 |
|
|a Pap Istvánné
|
| 245 |
1 |
2 |
|a A felzárkóztatás módszertani problémái
|h [elektronikus dokumentum] /
|c Dr. Istvánné Pap
|
| 260 |
|
|
|c 1986
|
| 650 |
|
4 |
|a Pedagógusképzés
|
| 650 |
|
4 |
|a Social sciences
|
| 650 |
|
4 |
|a Educational sciences
|
| 650 |
|
4 |
|a Education, special (to gifted persons, those with learning disabilities)
|
| 700 |
1 |
|
|a Kunstár Jánosné
|e ths
|
| 856 |
4 |
0 |
|u http://diploma.bibl.u-szeged.hu/id/eprint/123777/1/1986_pap_istvanne.pdf
|z Dokumentum-elérés
|